• Nocera P.

di Personal Name

Records bibliografici associati: 1

001 - CONTROL NUMBER

  • control field: 30418

003 - CONTROL NUMBER IDENTIFIER

  • control field: IT-RoPau

005 - DATE AND TIME OF LATEST TRANSACTION

  • control field: 20140618115452.0

008 - FIXED-LENGTH DATA ELEMENTS

  • fixed length control field: 140618|| aca||aabn | a|a d

040 ## - CATALOGING SOURCE

  • Original cataloging agency: IT-RoPau
  • Transcribing agency: IT-RoPau

100 ## - HEADING--PERSONAL NAME

  • Personal name: Nocera P.
  • Dates associated with a name: Codice autore musica SPICS: 43080
  • Relator term: Autore musica
  • Name of part/section of a work: Il telefonino - Scordati di me - Che fatica - Io ti amo suppergiù - Vattene via - Don Giovanni - La botta - Vere amiche - Tutta colpa mia - Non sono lolita

670 ## - SOURCE DATA FOUND

  • Source citation: Work cat.: (IT-RoPau)99479: AA.VV. 794, Non è la Rai - Novanta5
CREDITS: SOCIETA' SAN PAOLO Via A.Severo, 58 - ROMA (RM) & PERIODICI SAN PAOLO SRL Via Giotto, 36 MILANO & CISF Via Giotto, 36 MILANO & EDIZIONI SAN PAOLO SRL,  Piazza Soncino, 5 CINISELLO BALSAMO (MI) -- ITALY